The Challenge of Fiscal Decentralization in Transition Countries /

This paper examines key aspects of the ongoing decentralization process in transition economies and identifies areas where the present systems can have potentially adverse impacts on both service delivery and macroeconomic performance. We discuss three critical principles of a sound and efficient de...

Popoln opis

Bibliografske podrobnosti
Glavni avtor: Dabla-Norris, Era
Drugi avtorji: Wade, Paul
Format: Revija
Jezik:English
Izdano: Washington, D.C. : International Monetary Fund, 2002.
Serija:IMF Working Papers; Working Paper ; No. 2002/103
Online dostop:Full text available on IMF
LEADER 01509cas a2200253 a 4500
001 AALejournalIMF008173
008 230101c9999 xx r poo 0 0eng d
020 |c 5.00 USD 
020 |z 9781451852707 
022 |a 1018-5941 
040 |a BD-DhAAL  |c BD-DhAAL 
100 1 |a Dabla-Norris, Era. 
245 1 4 |a The Challenge of Fiscal Decentralization in Transition Countries /  |c Era Dabla-Norris, Paul Wade. 
264 1 |a Washington, D.C. :  |b International Monetary Fund,  |c 2002. 
300 |a 1 online resource (44 pages) 
490 1 |a IMF Working Papers 
500 |a <strong>Off-Campus Access:</strong> No User ID or Password Required 
500 |a <strong>On-Campus Access:</strong> No User ID or Password Required 
506 |a Electronic access restricted to authorized BRAC University faculty, staff and students 
520 3 |a This paper examines key aspects of the ongoing decentralization process in transition economies and identifies areas where the present systems can have potentially adverse impacts on both service delivery and macroeconomic performance. We discuss three critical principles of a sound and efficient decentralized fiscal system-and then show the contrasts between these and actual trends and policies in transition countries. 
538 |a Mode of access: Internet 
700 1 |a Wade, Paul. 
830 0 |a IMF Working Papers; Working Paper ;  |v No. 2002/103 
856 4 0 |z Full text available on IMF  |u http://elibrary.imf.org/view/journals/001/2002/103/001.2002.issue-103-en.xml  |z IMF e-Library